000 00441nam a22001817a 4500
003 LK-CoMWRAF
005 20231230122256.0
008 231230b |||||||| |||| 00| 0 eng d
040 _aLK-CoMWRAF
_dLK-CoMWRAF
_eLK-CoMWRAF
041 _aeng
082 _a823
_bFOR
100 _aForster, E.M
245 _aA Passage to India
260 _aMiddlesex :
_bPenguin books,
_c1924
300 _a317p.
650 _aEnglish Fiction
942 _cBK
999 _c4581
_d4581